| 000 | 01644nam a2200301 i 4500 | ||
|---|---|---|---|
| 001 | 152360 | ||
| 003 | ES-MaACL | ||
| 005 | 20250831072558.0 | ||
| 008 | 950117m18841939fr |||| | lat d | ||
| 040 |
_aEUS _bspa _cEUS |
||
| 110 | 2 |
_aIglesia Católica. _bPapa (1294-1303: Bonifacio VIII) _9154822 |
|
| 245 | 1 | 4 |
_aLes registres de Boniface VIII _b: recueil des bulles de ce pape / _cpubliées ou anlysées d'après les manuscrits originaux des archives du Vatican par Georges Digard, Maurice Faucon & Antoine Thomas. |
| 260 |
_aParis : _bErnest Thorin : _bE. de Boccard : _bAlbert Fontemoing, _c1884-1939. |
||
| 300 |
_a4 v. ; _c31 cm. |
||
| 490 | 1 |
_aBibliothèque des écoles françaises d'Athènes & de Rome. 2ª série . ; 4 _n; 1, 7, 8 |
|
| 594 | _aTexto en latín y francés. | ||
| 597 | _aTexto a dos col. | ||
| 650 | 0 | 4 |
_aBulas pontificias. _910642 |
| 650 | 0 | 7 |
_aHistoria eclesiástica _2embne _913400 |
| 700 | 0 |
_aBonifacio _bVIII _c, Papa. _930172 |
|
| 700 | 0 |
_aDigard, Georges. _944795 |
|
| 700 | 1 |
_aFaucon, Maurice. _9127016 |
|
| 700 | 0 |
_aThomas, Antoine. _9109997 |
|
| 830 | 0 |
_aBibliothèque des écoles françaises d'Athènes & de Rome. 2ª série . ; 4 _n; 1, 7, 8 _9221321 |
|
| 852 |
_aES-MaACL _jC-7458-60 _z-- Rust. deteriorada _q-- Sólo fascicule 1 (1884), fascicule 2 (1885), fascicule 3 (1886); fascicule 5 (1890), fascicule 6 (1891), fascicule 7 y 8, fascicule 9, fascicule 10 (1907), fascicule 11 (1909), fascicule 12 (1911) _qFalto de la port. de los fascicule 7, 8, 9 _z-- Enc. en 3 v. _x-- Edic.: La obra se publico en 3 v. con 260 feuilles |
||
| 999 |
_c152360 _d152360 |
||